| 000 | 00875 a2200217 4500 | ||
|---|---|---|---|
| 003 | Nust | ||
| 005 | 20220719191943.0 | ||
| 010 | _a 84018506 | ||
| 020 | _a0201109506 : | ||
| 040 | _cNust | ||
| 082 | 0 | 0 | _a001.642,BEC |
| 100 | 1 |
_aBeck, Leland L. _993926 |
|
| 245 | 1 | 0 |
_aSystem software : _ban introduction to systems programming / _cLeland L. Beck. |
| 260 |
_aReading, Mass. : _bAddison-Wesley Pub. Co., _cc1985. |
||
| 300 |
_axiii, 434 p. : _bill. ; _c24 cm. |
||
| 505 | _aBackground (Page-1), Assemblers (Page-43), Loaders and Linkers (Page-1230, Marco Processors (Page-175), Compilers (Page-225), Operating Systems (Page-325), Other System Software (Page-419), Software Engineering Issues (Page-447). | ||
| 538 | _aAlmirah No.1 and Shelf No.2 | ||
| 650 | 0 | _aComputer programming. | |
| 650 | 0 |
_aSystems programming (Computer science). _966948 |
|
| 942 |
_2ddc _cBK |
||
| 999 |
_c176496 _d176496 |
||